Consciousness, society, and values (Record no. 836)

MARC details
000 -LEADER
fixed length control field 00997 a2200253 4500
008 - FIXED-LENGTH DATA ELEMENTS--GENERAL INFORMATION
fixed length control field 080821t xxu||||| |||| 00| 0 eng d
010 ## - LIBRARY OF CONGRESS CONTROL NUMBER
LC control number ENG-84986
020 ## - INTERNATIONAL STANDARD BOOK NUMBER
International Standard Book Number 8179860590
Terms of availability 375.00
035 ## - SYSTEM CONTROL NUMBER
System control number EN-68519
037 ## - SOURCE OF ACQUISITION
Source of stock number/acquisition D.B.Act / Pub
082 ## - DEWEY DECIMAL CLASSIFICATION NUMBER
Classification number 153
245 ## - TITLE STATEMENT
Title Consciousness, society, and values
Statement of responsibility, etc edited by A.V. Afonso.
260 ## - PUBLICATION, DISTRIBUTION, ETC. (IMPRINT)
Place of publication, distribution, etc Shimla
Name of publisher, distributor, etc Indian Institute of Advanced Study,
Date of publication, distribution, etc 2006.
300 ## - PHYSICAL DESCRIPTION
Extent 304 p. ;
Dimensions 23 cm. (Hb)
520 ## - SUMMARY, ETC.
Summary, etc Contributed papers presented at a seminar organized by Indian Institute of Advanced Study, Shimla and Dept. of Philosophy, Goa University.
650 ## - SUBJECT ADDED ENTRY--TOPICAL TERM
Topical term or geographic name as entry element Consciousness
650 ## - SUBJECT ADDED ENTRY--TOPICAL TERM
Topical term or geographic name as entry element Philosophy of mind
650 ## - SUBJECT ADDED ENTRY--TOPICAL TERM
Topical term or geographic name as entry element Social values
700 ## - ADDED ENTRY--PERSONAL NAME
Personal name Afonso, A. V.
710 ## - ADDED ENTRY--CORPORATE NAME
Corporate name or jurisdiction name as entry element Indian Institute of Advanced Study.
710 ## - ADDED ENTRY--CORPORATE NAME
Corporate name or jurisdiction name as entry element Goa University.
Subordinate unit Dept. of Philosophy.
942 ## - ADDED ENTRY ELEMENTS (KOHA)
Institution code [OBSOLETE] dpl
Koha item type English Books
Call number prefix 153 / CON
Source of classification or shelving scheme Dewey Decimal Classification
Classification part 153
Call number suffix CON
Holdings
Withdrawn status Lost status Damaged status Not for loan Home library Current library Date acquired Cost, normal purchase price Total Checkouts Full call number Barcode Date last seen Copy number Uniform Resource Identifier Cost, replacement price Price effective from Koha item type
        D.B.Act.Division D.B.Act.Division 21/08/2008 375.00   153 CON EN-68519 15/09/2008 1 832 375.00 15/09/2008 English Books

© Delhi Public Library
Hit Counter
free hit counter